000 00537 a2200169 4500
999 _c9147
_d9147
020 _a9780409048353
050 _aKF 3455 ROU 2010
100 _aRoux Rochelle le
245 _aHarassment in the workplace:
_blaw,policies and processes/
_cRochelle le Roux, Alan Rycroft, Thandi Orleyn assisted by Sufinnah Singlee
264 _aDurban:
_bLexis Nexis,
_c2010
300 _a216p:
500 _aIncludes index
650 _aWorkplace discrimination
700 _aRycroft, Alan
700 _aOrleyn, Thandi
942 _2lcc
_cBK
_h3455
_iROU
_kKF